Normal view
MARC view
- Soman,K.P
Entry Personal Name
001 - CONTROL NUMBER
- control field: 101111
003 - CONTROL NUMBER IDENTIFIER
- control field: NUST
005 - DATE AND TIME OF LATEST TRANSACTION
- control field: 20221021143543.0
008 - FIXED-LENGTH DATA ELEMENTS
- fixed length control field: 221021|| aca||aabn | a|a d
040 ## - CATALOGING SOURCE
- Original cataloging agency: NUST
- Transcribing agency: NUST
100 ## - HEADING--PERSONAL NAME
- Personal name: Soman,K.P
670 ## - SOURCE DATA FOUND
- Source citation: Work cat.: (NUST): Soman,K.P., Insight into data mining: theory and practice /, 2006
